Estimating and Costing in Civil Engineering (Record no. 530069)
[ view plain ]
| 000 -LEADER | |
|---|---|
| fixed length control field | 00350nam a22001337a 4500 |
| 003 - CONTROL NUMBER IDENTIFIER | |
| control field | NUST |
| 040 ## - CATALOGING SOURCE | |
| Transcribing agency | DLC |
| 082 ## - DEWEY DECIMAL CLASSIFICATION NUMBER | |
| Classification number | 692.5 |
| Author Mark | DUT |
| 100 ## - MAIN ENTRY--PERSONAL NAME | |
| Personal name | Dutta, B.N. |
| 9 (RLIN) | 23358 |
| 245 ## - TITLE STATEMENT | |
| Title | Estimating and Costing in Civil Engineering |
| Remainder of title | theory and practice . |
| Statement of responsibility, etc. | Dutta, B.N. |
| 260 ## - PUBLICATION, DISTRIBUTION, ETC. | |
| Place of publication, distribution, etc. | Karachi: |
| Name of publisher, distributor, etc. | Union Book stall. |
| Date of publication, distribution, etc. | 1984. |
| 300 ## - PHYSICAL DESCRIPTION | |
| Extent | 896p. |
| 942 ## - ADDED ENTRY ELEMENTS (KOHA) | |
| Koha item type | Book |
| Source of classification or shelving scheme | |
| Withdrawn status | Lost status | Source of classification or shelving scheme | Damaged status | Not for loan | Permanent Location | Current Location | Date acquired | Total Checkouts | Total Renewals | Full call number | Barcode | Checked out | Date last seen | Date last checked out | Price effective from | Koha item type |
|---|---|---|---|---|---|---|---|---|---|---|---|---|---|---|---|---|
| School of Civil and Environmental Engineering (SCEE) | School of Civil and Environmental Engineering (SCEE) | 10/09/2019 | 3 | 1 | 692.5 DUT | NIT-4724 | 01/16/2026 | 12/17/2025 | 12/17/2025 | 10/09/2019 | Book |
